| 000 | 02165cam a2200229 4500 | ||
|---|---|---|---|
| 001 | L136289 | ||
| 008 | 070123n2006 000 0 eng u | ||
| 035 | _a(Sirsi) u136289 | ||
| 041 | 0 | _aeng | |
| 050 | 0 | 4 | _a332.6324 $2 18 |
| 110 | 2 |
_aParagon Mortgages _94976 |
|
| 245 | 0 | 0 |
_aParagon Mortgages buy-to-let index _bDecember 2006 _h[electronic resource] |
| 260 |
_aSolihull _bParagon Mortgages _c2006 |
||
| 490 | 0 |
_aParagon Mortgages Buy-to-Let Index _vDecember 2006 |
|
| 505 | _aHighlights -- Averages -- Rental yield average for England and Wales -- Property value and rental income average for England and Wales -- Landlord property value, rental value, yield and percentage change by region -- Landlord property yields by region -- Landlord property values by region -- Landlord rental incomes by region -- Landlord property value, rental value, yield and percentage change by property type | ||
| 520 | _aThe average property value of an average property in England and Wales has risen 5.0% over the last 12 months from £154 568 to £162 304 this month. Over the past year the top performing regions by rising property values are the West Midlands (17.4%), the South East (11.3%) and Greater London (11.2%). For the third consecutive month rental yields remain at 6.0%. Regions with the highest yields are Wales (6.4%), the South West (6.3%) and the North West (6.3%). Total returns across the UK have reached 11.4% in November, up from 7.6% 12 months ago. Regionally the West Midlands (24.5%) tops the list in terms of overall returns over a 12-month period followed by the South East (17.6%) and Greater London (17.2%). Average rental incomes have eased slightly this month to £9 665. Regions leading the way are the South East (up 4.4%), the West Midlands (up 3.6%) and Greater London (up 3.5%). Graphs and tables. | ||
| 650 | 2 | 4 | _aPARAGON MORTGAGES BUY-TO-LET INDEX |
| 651 | 4 |
_aEngland and Wales _y1543- |
|
| 690 | _aPROPERTY-RESIDENTIAL PROPERTY-RESIDENTIAL PROPERTY MARKET | ||
| 856 |
_uhttps://www.paragon-mortgages.co.uk/Files/PML/BTL%20Index/2006-12%20BTL%20Index.pdf _zView the item free of charge at www.paragon-mortgages.co.uk |
||
| 942 | _n0 | ||
| 999 |
_c106356 _d106356 |
||